Zadie the sewing fairy / (Record no. 4291)

MARC details
000 -LEADER
fixed length control field 01807nam a22004697a 4500
001 - CONTROL NUMBER
control field 4291
003 - CONTROL NUMBER IDENTIFIER
control field FISKH
005 - DATE AND TIME OF LATEST TRANSACTION
control field 20240712144813.0
008 - FIXED-LENGTH DATA ELEMENTS--GENERAL INFORMATION
fixed length control field 240712b cb ||||| |||| 00| 0 eng d
010 ## - LIBRARY OF CONGRESS CONTROL NUMBER
LC control number 2013363063
020 ## - INTERNATIONAL STANDARD BOOK NUMBER
International Standard Book Number 9780545708319 (pbk.)
020 ## - INTERNATIONAL STANDARD BOOK NUMBER
International Standard Book Number 0545708311 (pbk.)
020 ## - INTERNATIONAL STANDARD BOOK NUMBER
International Standard Book Number 9780545724111
020 ## - INTERNATIONAL STANDARD BOOK NUMBER
International Standard Book Number 9781408331453
020 ## - INTERNATIONAL STANDARD BOOK NUMBER
International Standard Book Number 0545724112
040 ## - CATALOGING SOURCE
Original cataloging agency BTCTA
Language of cataloging eng
Transcribing agency BTCTA
Description conventions rda
050 ## - LIBRARY OF CONGRESS CALL NUMBER
Classification number PZ7.M507
082 ## - DEWEY DECIMAL CLASSIFICATION NUMBER
Classification number 823.92
100 1# - MAIN ENTRY--PERSONAL NAME
Personal name Meadows, Daisy,
Relator term author.
245 10 - TITLE STATEMENT
Title Zadie the sewing fairy /
Statement of responsibility, etc. by Daisy Meadows.
260 ## - PUBLICATION, DISTRIBUTION, ETC.
Place of publication, distribution, etc. London :
Name of publisher, distributor, etc. Orchard Books,
Date of publication, distribution, etc. 2014.
300 ## - PHYSICAL DESCRIPTION
Extent 74 pages :
Other physical details illustrations ;
Dimensions 20 cm
336 ## - CONTENT TYPE
Content type term text
Content type code txt
Source rdacontent
337 ## - MEDIA TYPE
Media type term unmediated
Media type code n
Source rdamedia
338 ## - CARRIER TYPE
Carrier type term volume
Carrier type code nc
Source rdacarrier
490 1# - SERIES STATEMENT
Series statement Rainbow magic. The magical crafts fairies ;
Volume/sequential designation Book 3
520 ## - SUMMARY, ETC.
Summary, etc. Rainspell Island is hosting an Arts and Crafts Week. Rachel and Kirsty can't wait to try all the different creative activities! But Jack Frost has other plans. He likes making chaos more than making art. The goblins have stolen Zadie the Sewing Fairy's thimble and no one can sew a stitch while it's gone. Kirsty and Rachel must leap into action!"--Page [4] of cover.
650 #0 - SUBJECT ADDED ENTRY--TOPICAL TERM
Topical term or geographic name entry element Fairies
Form subdivision Juvenile fiction.
650 #0 - SUBJECT ADDED ENTRY--TOPICAL TERM
Topical term or geographic name entry element Magic
Form subdivision Juvenile fiction.
650 #0 - SUBJECT ADDED ENTRY--TOPICAL TERM
Topical term or geographic name entry element Sewing
Form subdivision Juvenile fiction.
650 #1 - SUBJECT ADDED ENTRY--TOPICAL TERM
Topical term or geographic name entry element Fairies
Form subdivision Fiction.
650 #1 - SUBJECT ADDED ENTRY--TOPICAL TERM
Topical term or geographic name entry element Magic
Form subdivision Fiction.
650 #1 - SUBJECT ADDED ENTRY--TOPICAL TERM
Topical term or geographic name entry element Sewing
Form subdivision Fiction.
650 #7 - SUBJECT ADDED ENTRY--TOPICAL TERM
Topical term or geographic name entry element Fairies.
Source of heading or term fast
Authority record control number or standard number (OCoLC)fst00919878
650 #7 - SUBJECT ADDED ENTRY--TOPICAL TERM
Topical term or geographic name entry element Magic.
Source of heading or term fast
Authority record control number or standard number (OCoLC)fst01005468
650 #7 - SUBJECT ADDED ENTRY--TOPICAL TERM
Topical term or geographic name entry element Sewing.
Source of heading or term fast
Authority record control number or standard number (OCoLC)fst01114124
655 #7 - INDEX TERM--GENRE/FORM
Genre/form data or focus term Juvenile works
Source of term fast
Authority record control number or standard number (OCoLC)fst01411637
655 #7 - INDEX TERM--GENRE/FORM
Genre/form data or focus term Fiction.
Source of term fast
Authority record control number or standard number (OCoLC)fst01423787
906 ## - LOCAL DATA ELEMENT F, LDF (RLIN)
a 7
b cbc
c copycat
d 2
e ncip
f 20
g y-gencatlg
942 ## - ADDED ENTRY ELEMENTS (KOHA)
Source of classification or shelving scheme Dewey Decimal Classification
Koha item type Books
Suppress in OPAC No
Holdings
Withdrawn status Lost status Source of classification or shelving scheme Damaged status Not for loan Collection Home library Current library Shelving location Date acquired Total Checkouts Full call number Barcode Date last seen Price effective from Koha item type
    Dewey Decimal Classification     Fiction Footprints International School Library Network Toul Kork Campus Footprints International School Library Network Toul Kork Campus A TK Campus, 4th Floor, Room B401, Fiction Bookcases (1-6) 07/12/2024   MEA 823.92 PZ7.M507 FISTK00274 07/12/2024 07/12/2024 Books